000 00305nam a2200121Ia 4500
005 20251222143203.0
008 251222s9999||||xx |||||||||||||| ||spa||
020 _a950-9431-68-0
082 _a380/C61
245 0 _aGlobalización y Mercados Laborales en América Latina
264 _bCIEDLA
942 _cLIB
999 _c13155
_d13155